Imprinted wolves and their mates Quiz Stats

 Plays Quiz not verified by Sporcle

Score 0/10 Timer 03:00
0 Plays Today
2012 obama % Correct
Leader of the packSam
100%
The wolf with an anger problemPaul
85.7%
Is going to marryEmily
85.7%
One of teh major characters in Breaking dawnJacob Black
71.4%
neice is Claire
71.4%
Third wolf in the packJared
71.4%
Imprinted on Jacobs sisterRachel
57.1%
who has the wolf____ wrapped around her fingerQuil
57.1%
girl who had a crush on himKim
57.1%
Who he Imprinted withRenesmee Cullen
28.6%

You're not logged in!

Compare scores with friends on all Sporcle quizzes.
OR
Log In

Show Comments

Extras

Created Feb 14, 2012ReportNominate
Tags:mate

Top Quizzes Today


Score Distribution

Your Account Isn't Verified!

In order to create a playlist on Sporcle, you need to verify the email address you used during registration. Go to your Sporcle Settings to finish the process.

Report this User

Report this user for behavior that violates our Community Guidelines.

Details: